000 01538cam a22003135i 4500
001 3045
005 20240201103238.0
020 _a`9780194645621
040 _aDLC
_beng
_erda
_cDLC
_dDLC
050 0 0 _a486
100 1 _aMedina, Sarah
_eauthor
245 1 0 _aHelping around the world /
_cby Medina, Sarah
250 _aFirst published 2010
260 _aNew York :
_bOxford University Press ,
_c2010
300 _a56 pages :
_bcolor illustrations ;
_c22 cm.
490 0 _aOxford read and discover
_vBook 6
500 _aCaption title.
500 _aMinimal Level Cataloging Plus.
_5DLC
500 _a"Discover 6"--Cover.
505 _aS
520 _aThis exciting new series of non-fiction readers provides interesting and educational content, with activities and project work. The readers are graded at four levels, from 3 to 6, suitable for students from age 8 and older. They can support Content and Language Integrated Learning (CLIL), and cover a broad range of topics, within three curriculum areas: The World of Science and Technology The Natural World The World of Arts and Social Studies Also available for each reader:* Activity Book* Audio CD Pack (Reader and Audio CD)Teacher's Notes and CLIL guidance at www.oup.com/elt/readanddiscover
521 _a790
_bLexile
521 _aS
_bRaz-Plus
650 0 _aReaders
_xHelping behavior.
650 0 _aHelping behavior
_vJuvenile literature.
650 0 _aReaders (Elementary)
906 _a7
_bcbc
_corignew
_d4
_encip
_f20
_gy-gencatlg
942 _2ddc
_cBK
_n0
999 _c3045
_d3045